Η αναζήτηση του ρολογιού-τέρατος

Οι Δίδυμοι, ο Ντόκ και ο Ντούφις, έχουν κατασκευάσει ένα ρολόι-τέρας. Αυτό το τέρας θα σταματήσει το χρόνο στιν Χότ Ρόκς. Οι Ρόκερς διατρέχουν μεγάλο κίνδυνο και χρειάζονται για μία ακόμη φορά τη βοήθειά σου. Πάρε κι εσύ μέρος στη διάσωση των Ρόκερς μαζί με τον Γκούμμα και το Ζούμ. Θα συναντήσεις κα...

Full description

Saved in:
Bibliographic Details
Format: Electronic
Language:Greek
English
Published: Αθήνα : Πατάκης, 2000.
Series:My first english
Subjects:
Tags: Add Tag
No Tags, Be the first to tag this record!

MARC

LEADER 00000cmm a2200000 i 4500
001 1/41451
008 070221s2000 gr gre d
020 |a 9603788783 
035 |l 10087090 
040 |a GR-MY-UA  |b gre  |e aacr 
041 0 |a gre  |a eng 
082 7 |a 428.24078   |2 (22) 
245 1 2 |a Η αναζήτηση του ρολογιού-τέρατος   |h [αρχείο Η/Υ] /   |c επιμέλεια Μαρία Αποστόλου ; μετάφραση Αγγελική Πασσιά. 
260 |a Αθήνα :   |b Πατάκης,   |c 2000.  
300 |a 2 οπτικές δισκέτες λέϊζερ Η/Υ ;   |b έγχρ. ;   |c 4 3/4 ιν.+  |e 1 εγχειρίδιο. 
490 1 |a My first English 
500 |a Εγχειρίδιο χρήσης για παιδιά 8-10 ετών. 
500 |a Μια συναρπαστική περιπέτεια που κάνει την εκμάθηση των αγγλικών παιχνίδι. 
500 |a Edusoft: education for excellence 
500 |a Περιέχεται σε χάρτινο κουτί (24 εκ.) 
520 |a Οι Δίδυμοι, ο Ντόκ και ο Ντούφις, έχουν κατασκευάσει ένα ρολόι-τέρας. Αυτό το τέρας θα σταματήσει το χρόνο στιν Χότ Ρόκς. Οι Ρόκερς διατρέχουν μεγάλο κίνδυνο και χρειάζονται για μία ακόμη φορά τη βοήθειά σου. Πάρε κι εσύ μέρος στη διάσωση των Ρόκερς μαζί με τον Γκούμμα και το Ζούμ. Θα συναντήσεις και πάλι το Φρέντ το δράκο, τη βασίλισσα Έμα κι όλους τους φίλους σου από τη γη. Σε περιμένει μια πραγματική κούρσα με το χρόνο! 
538 |a Ελάχιστες απαιτήσεις συστήματος: Windows 95; PC με επεξεργαστή Pentium στα 133 MHz ή ταχύτερο (συνιστάται Pentium στα 166 MHz); μνήμη 16MB RAM (συνιστάται μνήμη 32MB RAM); χώρος στο σκληρό δίσκο 20MB; κάρτα γραφικών-υποστήριξη για ανάλυση πολλών χρωμάτων (16 bit) ή υψηλότερη; κάρτα ήχου; μικρόφωνο; οδηγός CD-ROM με ταχύτητσ 8x ή μεγαλύτερη; μόντεμ, σύνδεση στο Ίντερνετ και πρόγραμμα περιήγησης (προαιρετικά, απαιτούνται για την πρόσβαση στο Ίντερνετ) 
650 0 0 |a English language  |x Study and teaching. 
650 0 0 |a English language  |x Study and teaching  |x Audio-visual aids. 
650 0 0 |a English language  |x Ability testing. 
650 0 0 |a Compact discs in education. 
830 0 |a My first english 
852 |a INST  |b LESVOS  |c AV  |e 20070221  |h 428.24078 ΑΝΑ  |p 005100036912  |q 005100036912  |t ENTH  |y 0  |z cd.1 
852 |a INST  |b LESVOS  |c AV  |e 20070221  |h 428.24078 ΑΝΑ  |p 005100036913  |q 005100036913  |t ENTH  |y 0  |z cd.2 
852 |a INST  |b LESVOS  |c AV  |e 20070221  |h 428.24078 ΑΝΑ  |p 005100036914  |q 005100036914  |t ENTH  |y 0  |z ??? 
852 |a INST  |b LESVOS  |c AV  |e 20070221  |h 428.24078 ΑΝΑ  |p 005100036912  |q 005100036912  |t ENTH  |v cd.1:  |y 0  |z cd.1 
852 |a INST  |b LESVOS  |c AV  |e 20070221  |h 428.24078 ΑΝΑ  |p 005100036913  |q 005100036913  |t ENTH  |v cd.2:  |y 0  |z cd.2 
852 |a INST  |b LESVOS  |c AV  |e 20070221  |h 428.24078 ΑΝΑ  |p 005100036914  |q 005100036914  |t ENTH  |v (Unknown.)???:  |y 0  |z ??? 
853 |a INST  |b LESVOS  |c AV  |h 428.24078 ΑΝΑ 
901 |a BIBL1-2007-1 
909 |a Λ  |b 132210 
909 |a Λ  |b 132211 
909 |a Λ  |b 132212 
920 |a ΔΙΕΥΡΥΝΣΗ  |b ΕΠΕΑΕΚ-ΤΠΤΕ  |y ΛΕΣΒΟΣ  |z 2005-08 
970 |a ΚΑΡΑ  |b ΓΙΑΣΕΜΗ  |z 2007/02/21